LEADER 01133nam a2200265 4500 001 000000350705 003 CaOOAMICUS 005 20220713165507.0 008 220629s1989 it 000 u ita r 020 $a88-04-30234-8 040 $aSeMil$bita 100 1 $aMandruzzato, Enzo,$d<1924-2012>.$0(OLS)http://semarc/name/22661 245 13$aIl piacere del latino :$bper ricordarlo, impararlo, insegnarlo /$cEnzo Mandruzzato. 250 $a2. ed. 264 1$aMilano :$bArnoldo Mondadori,$c1989. 300 $a357 p. ;$c21 cm 650 4$aLingua latina - Letture.$0(OLS)http://semarc/subject/26859 650 4$aLingua latina - Insegnamento.$0(OLS)http://semarc/subject/6213 850 $aSeMil 852 $aSeMil$W1$xVenegono$y1$m1X II 283$j237877$B241710$CSeMilBibl$Z2$F241710 $81 961 $aPerego don Stefano - Omaggio 996 $6020$a88-04-30234-8$9(OLS)http://semarc/number/296178 996 $6245$aIl piacere del latino :$bper ricordarlo, impararlo, insegnarlo$9(OLS)http://semarc/title/440507 996 $6264$aMilano :$bArnoldo Mondadori$9(OLS)http://semarc/publisher/46554 LEADER 01053nam a2200241 i 4500 001 000000064378 003 CaOOAMICUS 005 20091228000000.0 008 091228s1996 it u000 u ita u 013 $a35550 040 $aSeMil$bita 100 1 $aGermani, Ferdinando.$0(OLS)http://semarc/name/17977 245 10$aP. Paolo Manna :$be le donne consacrate /$cFerdinando Germani ; Presentazione di Luciano Orabona. 260 $aTrentola Ducenta (Caserta) :$bPIME,$cstampa 1996. 300 $aVIII, 237 p., [1] p. di ritratto ;$c21 cm. 500 $aContiene : Bibliografia. (Sul dorso 8). 650 4$aManna, Paolo .$0(OLS)http://semarc/subject/12569 700 1 $aOrabona, Luciano.$0(OLS)http://semarc/name/3718 850 $aSeMil 852 $aSeMil$W1$xVenegono$y1$m3E IV 326$j30531$B30531$CSeMilBibl$Z2$F30534 $81 961 $aOmaggio: Apeciti mons. Ennio 996 $6245$aP. Paolo Manna :$be le donne consacrate$9(OLS)http://semarc/title/101901 996 $6260$aTrentola Ducenta (Caserta) :$bPIME$9(OLS)http://semarc/publisher/42541